000 00562nam a2200181Ia 4500
003 GCL
008 140319s9999 xx 000 0 ara d
040 _aGCL /
_cGCL
082 0 4 _a910.02
_bج ج
100 1 _aجودة حسنين جودة
245 1 0 _aالجغرافيا الطبيعية والخرائط /
_cجودة حسنين جودة
300 _a383 ص
490 _aالهيئة العامة للاستعلامات
_v0
650 0 4 _aالجغرافيا الطبيعية
650 0 4 _aالجغرافيا
650 0 4 _aالخرائط
942 _2ddc
_cBK
999 _c49221
_d49221